Lean construction, una filosofa̕ de cambio
Guardat en:
| Altres autors: | |
|---|---|
| Format: | Llibre |
| Idioma: | espanyol |
| Matèries: | |
| Accés en línia: | Lean construction, una filosofa̕ de cambio |
| Etiquetes: |
Afegir etiqueta
Sense etiquetes, Sigues el primer a etiquetar aquest registre!
|
MARC
| LEADER | 00000nam a22000004a 4500 | ||
|---|---|---|---|
| 001 | vpro11124 | ||
| 005 | 20201223000000.0 | ||
| 008 | 170209s2017 ck # g## #001 0#spa#d | ||
| 020 | |||
| 022 | |||
| 040 | |a CO-BoINGC | ||
| 041 | 0 | |a spa | |
| 245 | 1 | 0 | |a Lean construction, una filosofa̕ de cambio |
| 246 | |a Lean Construction, A Philosophy of Change | ||
| 264 | |a Bogot ̀(Colombia) : |b Revista VirtualPRO, |c 2017 | ||
| 520 | 3 | ||
| 650 | \ | \ | |a Ingeniera̕ civil |
| 650 | \ | \ | |a Civil engineering |
| 650 | \ | \ | |a ingeniera̕ civil |
| 650 | \ | \ | |a construccin̤ |
| 650 | \ | \ | |a civil engineering |
| 650 | \ | \ | |a building |
| 650 | \ | \ | |a construction |
| 700 | \ | \ | |a Canal Portal de Ingeniera̕ / YouTube |
| 856 | |z Lean construction, una filosofa̕ de cambio |u https://virtualpro.unach.elogim.com/biblioteca/lean-construction-una-filosofia-de-cambio | ||